000 00573nam a22001937a 4500
003 OSt
005 20220107122758.0
008 150406b xxu||||| |||| 00| 0 eng d
040 _c
100 _aDeepu S Nair (MPCS 1303)
_96396
245 _aSentiment extraction for malayalam - A rule based approach
500 _aMini Project Report
502 _bMPhil. Computer Science
_c2013 - 2014
_dINT
_eElizabeth Sherly
650 _aNATURAL LANGUAGE PROCESSING
_96397
650 _aNEURAL NETWORK
_96398
650 _aPYTHON
_96399
650 _aUNICODE
_96400
942 _2ddc
_cPR
999 _c4590
_d4590